La danse au cinéma - #1 - Statistiques

Statistiques générales
  • Ce quiz a été pris 875 fois
    871 depuis la dernière actualisation
  • Le résultat moyen est 11 sur 20
Statistiques - réponses
Par images Réponse % Correct
Titanic
98%
Les Aristochats
93%
Dirty Dancing
90%
Intouchables
89%
Les Aventures de Rabbi Jacob
85%
Mary Poppins
85%
Kuzco l'empereur mégalo
75%
High School Musical
74%
La Cité de la Peur
72%
Chantons sous la pluie
71%
The Artist
70%
La Fièvre du samedi soir
58%
West Side Story
46%
Le Grand Restaurant
34%
Footloose
31%
Sexy Dance
28%
Cabaret
22%
Climax
10%
Que le spectacle commence
3%
Suspiria
3%
Aucun quiz correspondant
Distribution des résultats
% des personnes avec chaque résultat
Percentile par nombre de réponses
Votre historique - résultats
Vous n’avez pas pris ce quiz depuis la dernière actualisation